| Поле | Инд. | ПП | Название | Значение |
|---|---|---|---|---|
| Тип записи | a | |||
| Библиографический уровень | b | |||
| 001 | Контрольный номер | a6c9c34d3f19423cbd1a3b636563fc2b | ||
| 005 | Дата корректировки | 20200626091842.2 | ||
| 008 | Кодируемые данные | 20170331 | ||
| 040 | b | Код языка каталог. | rus | |
| e | Правила каталог. | PSBO | ||
| 041 | 0_ | a | Код языка текста | rus |
| 084 | a | Индекс другой классификации/Индекс ББК | 67.410.204(2Рос) | |
| 100 | 1_ | a | Автор | Виноградов В. А. |
| 245 | 10 | a | Заглавие | Распределение бремени доказывания при осуществлении судопроизводства по уголовным делам частного обвинения: белые пятна отечественного законодательства |
| 520 | 0_ | a | Аннотация | В настоящей работе автором описываются не разрешенные на законодательном и доктринальном уровнях проблемы, касающиеся распределения бремени доказывания юридически значимых обстоятельств, образующих предмет доказывания по уголовному делу, между судом, частным обвинителем и подсудимым. Автор приходит к выводу, что описываемая проблематика может быть снята только после решения фундаментального вопроса о допустимом пределе судейского активизма в собирании доказательств в свете действия принципов состязательности и презумпции невиновности |
| 650 | 14 | a | Основная рубрика | право; процессуальное право; уголовное процессуальное право |
| 653 | 0_ | a | Ключевые слова | бремя доказывания |
| a | Ключевые слова | доказательства | ||
| a | Ключевые слова | презумпция невиновности | ||
| a | Ключевые слова | Россия | ||
| a | Ключевые слова | Уголовно-процессуальный кодекс РФ | ||
| a | Ключевые слова | уголовный процесс | ||
| a | Ключевые слова | частное обвинение | ||
| a | Ключевые слова | частный обвинитель | ||
| 773 | 08 | t | Заглавие источника | Российская юстиция |
| d | Дата издания источника | 2020 | ||
| g | Прочая информация | № 3. - С. 59 - 60 | ||
| w | Контрольный № источника | e7466aa06b2540358281e2135db0f8ff | ||
| 901 | t | Тип документа | b |